Katedra poisťovníctva Národohospodárskej fakulty Ekonomickej univerzity v Bratislave oslavuje 20. výročie svojho založenia

Informácia o workshope Katadry poisťovníctva, ktorý sa konal 25. apríla 2018 pri príležitosti 20 výročia jej založenia.

Gespeichert in:
Bibliographische Detailangaben
1. Verfasser: Pastoráková, Erika, 1972-
Format: Buchkapitel
Sprache:Slowakisch
Schlagworte:
Tags: Tag hinzufügen
Keine Tags, Fügen Sie das erste Tag hinzu!

MARC

LEADER 00000naa a2200000 4500
001 0247050
005 20240502073948.1
041 0 |a slo 
044 |a SK 
245 1 0 |a Katedra poisťovníctva Národohospodárskej fakulty Ekonomickej univerzity v Bratislave oslavuje 20. výročie svojho založenia  |c Erika Pastoráková 
520 |a Informácia o workshope Katadry poisťovníctva, ktorý sa konal 25. apríla 2018 pri príležitosti 20 výročia jej založenia. 
610 2 0 |a univerzity 
610 2 0 |a Slovensko 
610 2 0 |a poisťovníctvo 
100 1 |a Pastoráková, Erika, 1972-